000 00283nam a2200121Ia 4500
008 231129s9999||||xx |||||||||||||| ||spa||
040 _bspa
082 _a(i) 808.068543 D218m
100 _aDario Ruben
245 0 _aMargarita
264 _aEkare-Banco del Libro
942 _2ddc
_cBKS
999 _c20644
_d20644